000 00461nam a22001697a 4500
005 20260306112307.0
008 260306b |||||||| |||| 00| 0 eng d
020 _a1-57521-039-8
050 _aQA 76.73 .J38 D43 1995
100 _aDECEMBER, JOHN.
245 _aPRESENTING JAVA
260 _aINDIANAPOLIS,
_bSAMS NET,
_c1995.
300 _axii, 207 p, ILL.
500 _aINCLUDES INDEX.
650 _aJAVA (COMPUTER PROGRAMME LANGUAGE)
942 _2lcc
_cBK
999 _c216804
_d216804